| 000 | 00371nam a22001217a 4500 | ||
|---|---|---|---|
| 999 |
_c4521 _d4521 |
||
| 008 | 250227b ||||| |||| 00| 0 eng d | ||
| 020 | _a9781632204424 | ||
| 082 | _a813.6 MOR | ||
| 100 |
_aMORGAN,WINTER _eAUTHOR |
||
| 245 | _aTHE QUEST FOR THE DIAMOND SWORD | ||
| 260 |
_aSKY PONY PRESS,307 WEST 36TH,11TH FLOOR,NEW YORK,NY 10018 _bHOLLAN PUBLISHING INC _c2014 |
||
| 942 | _2ddc | ||